Inžinierske siete

Saved in:
Bibliographic Details
Main Author: Uhliarik, Anton (Author)
Format: Book
Language:Slovak
Published: Bratislava : SVŠT v Bratislave, 1987
Tags: Add Tag
No Tags, Be the first to tag this record!

MARC

LEADER 00000nam a22000003a 4500
001 stu29961
005 20150617225701.9
008 951115s1987----xo------------------slo-d
040 |a STU  |b slo 
041 0 |a slo 
044 |a xo 
080 |a 625.78(075.8)  |7 A000061964 
080 |a 628.1/.2(075.8)  |7 stu_us_auth*stu3929 
100 1 |a Uhliarik, Anton  |4 aut 
245 1 |a Inžinierske siete 
260 |a Bratislava :  |b SVŠT v Bratislave,  |c 1987 
300 |a 171 s 
996 |b 284V003228  |c V*29488/S-88  |l VVS  |s A  |a 24  |w stu29961_0001 
996 |b 284V003227  |c V*29490/S-88  |l VVS  |s A  |a 24  |w stu29961_0002